[Event "ChFraOpenD2011"]
[Site "Caen"]
[Date "2011.08.22"]
[Round "6.8"]
[White "Alinc, Deborah"]
[Black "Rivollier, Frederic"]
[Result "0-1"]
[WhiteElo "1380"]
[BlackElo "1469"]
[PlyCount "124"]

1. e4 e5 2. Bc4 Bc5 3. Nc3 Nf6 4. Nf3 d6 5. h3 h6 6. d3 O-O 7. O-O a6 8. Bb3
Nc6 9. Be3 Nd4 10. Bxd4 Bxd4 11. Nd5 Bxb2 12. Rb1 Ba3 13. Qd2 Nxd5 14. Bxd5 c6
15. Bb3 b5 16. Qe2 Bc5 17. c3 Qf6 18. d4 exd4 19. cxd4 Bxd4 20. Rbc1 c5 21. Bd5
Rb8 22. Rb1 Be5 23. a4 b4 24. Rfc1 a5 25. Bc4 Qg6 26. Ba6 Bxh3 27. Nh4 Qg5 28.
f4 Bxf4 29. Rd1 Be5 30. Rf1 Qxh4 31. gxh3 Qxh3 32. Rf3 Bd4+ 33. Rf2 Bxf2+ 34.
Qxf2 Qg4+ 35. Kf1 Qxe4 36. Rd1 Rfe8 37. Bd3 Qh1+ 38. Qg1 Qxg1+ 39. Kxg1 Kf8 40.
Bb5 Red8 41. Kf2 d5 42. Ke3 c4 43. Kd4 c3 44. Rc1 Rb6 45. Bd3 Rf6 46. Bb1 Rf2
47. Kd3 Rd2+ 48. Ke3 Re8+ 49. Kf3 Ree2 50. Kg3 d4 51. Kf3 g5 52. Rh1 Rh2 53.
Rc1 h5 54. Kg3 h4+ 55. Kg4 f6 56. Kf5 Kf7 57. Be4 d3 58. Bd5+ Ke7 59. Re1+ Rde2
60. Rd1 d2 61. Kg4 Re1 62. Rxe1+ dxe1=Q 0-1

[Event "ChFraOpenD2011"]
[Site "Caen"]
[Date "2011.08.22"]
[Round "6.9"]
[White "Raffaelli, Alain"]
[Black "Parfait, Emmanuel"]
[Result "1/2-1/2"]
[WhiteElo "1445"]
[BlackElo "1290"]
[PlyCount "39"]
[EventDate "2011.??.??"]

1. e4 e5 2. Nf3 Nc6 3. Bc4 h6 4. Nc3 Nf6 5. a3 Be7 6. b3 d6 7. Bb2 O-O 8. h3
Be6 9. Qe2 d5 10. exd5 Nxd5 11. Nxd5 Bxd5 12. Bd3 Bxf3 13. gxf3 Nd4 14. Qe4 f5
15. Qxb7 Bc5 16. O-O-O Rb8 17. Qa6 Nxb3+ 18. Kb1 Kh8 19. Rhg1 Rf6 20. Qc4 {
Suite illisible} 1/2-1/2

[Event "ChFraOpenD2011"]
[Site "Caen"]
[Date "2011.08.22"]
[Round "6.10"]
[White "Lenen, Pierre"]
[Black "Chaignet, Lucas"]
[Result "1/2-1/2"]
[WhiteElo "1391"]
[BlackElo "1319"]
[PlyCount "96"]

1. e4 e5 2. Nf3 Nc6 3. Bc4 Bc5 4. c3 Nf6 5. d3 O-O 6. Nbd2 d6 7. Nf1 Bg4 8. Ng3
h6 9. h3 Be6 10. Bb3 d5 11. O-O dxe4 12. dxe4 Qxd1 13. Rxd1 Bxb3 14. axb3 Rad8
15. Be3 Bxe3 16. fxe3 Rfe8 17. Kf2 Rd7 18. Rxd7 Nxd7 19. Rd1 Nf8 20. Rd5 f6 21.
Nf5 Ne7 22. Nxe7+ Rxe7 23. Nh4 c6 24. Nf5 Rd7 25. Rxd7 Nxd7 26. Ne7+ Kf7 27.
Nc8 Nc5 28. Nxa7 Nxe4+ 29. Ke2 Nd6 30. c4 c5 31. Nb5 Nxb5 32. cxb5 Ke6 33. Kd3
f5 34. g3 g5 35. g4 e4+ 36. Ke2 f4 37. exf4 gxf4 38. h4 f3+ 39. Ke3 Kf6 40. b6
Kg6 41. Kf2 h5 42. g5 Kf5 43. Ke3 Ke6 44. Kf2 Ke5 45. Ke3 Kf5 46. Kf2 Ke5 47.
Ke3 Kd6 48. Kf2 Ke7 1/2-1/2

[Event "ChFraOpenD2011"]
[Site "Caen"]
[Date "2011.08.23"]
[Round "7.1"]
[White "Buyukyalcin-Moussa, Kadir"]
[Black "Kneib, Bernard"]
[Result "0-1"]
[WhiteElo "1490"]
[BlackElo "1498"]
[PlyCount "102"]
[EventDate "2011.??.??"]

1. e4 c5 2. Nf3 e6 3. d4 cxd4 4. Nxd4 Nf6 5. Nc3 Nc6 6. Bc4 Bb4 7. f3 Bxc3+ 8.
bxc3 d6 9. Ba3 Qa5 10. Nb5 O-O 11. Bb2 Rd8 12. Qd2 d5 13. exd5 Nxd5 14. O-O a6
15. Nd4 Qb6 16. Rab1 e5 17. Bxd5 Rxd5 18. Qe3 Be6 19. Nf5 Qxe3+ 20. Nxe3 Rd7
21. c4 f6 22. Rfd1 Rad8 23. Rxd7 Rxd7 24. Nd5 Na5 25. Nb6 Rc7 26. Ba3 Nxc4 27.
Nxc4 Bxc4 28. Rb2 b5 29. Bd6 Rd7 30. Bb4 Kf7 31. Kf2 Ke6 32. Ke3 Rd4 33. Bc3
Rd1 34. Kf2 Rh1 35. Kg3 Kf5 36. Bb4 g5 37. c3 Rd1 38. Kf2 Kf4 39. Bc5 Rd3 40.
Bb4 h5 41. Rc2 g4 42. fxg4 hxg4 43. Be7 f5 44. Re2 e4 45. Bb4 e3+ 46. Ke1 Ke4
47. g3 Kf3 48. a3 Rxc3 49. Bxc3 Bxe2 50. Bd4 Bc4 51. Bc5 e2 0-1

[Event "ChFraOpenD2011"]
[Site "Caen"]
[Date "2011.08.23"]
[Round "7.2"]
[White "Pagandet, Eric"]
[Black "Bougard, Olivier"]
[Result "1-0"]
[WhiteElo "1499"]
[BlackElo "1450"]
[PlyCount "97"]
[EventDate "2011.??.??"]

1. e4 c5 2. Nc3 Nc6 3. g3 Nf6 4. Bg2 e6 5. Nf3 d5 6. e5 Ng4 7. Qe2 f6 8. exf6
Nxf6 9. Bh3 Qe7 10. d3 Bd7 11. Bf4 Nd4 12. Nxd4 cxd4 13. Nd1 O-O-O 14. Qe5 Qd6
15. Qxd6 Bxd6 16. Bxd6 e5 17. Bxd7+ Nxd7 18. O-O Rhe8 19. f3 Re6 20. Bb4 h5 21.
h4 Rg8 22. Bd2 Nf6 23. Bg5 Nh7 24. Bd2 g5 25. hxg5 Nxg5 26. Bxg5 Rxg5 27. Kh2
Rf6 28. b3 Rgf5 29. Nb2 Rxf3 30. Rxf3 Rxf3 31. Kg2 Re3 32. Kf2 h4 33. gxh4 Rh3
34. Rc1 Kd7 35. Kg2 Rxh4 36. a4 a5 37. c4 dxc3 38. Rxc3 Rb4 39. Nd1 b6 40. Nf2
d4 41. Rc4 Rxb3 42. Kf3 Rc3 43. Ke4 Rxc4 44. dxc4 Ke6 45. Nd3 Kd6 46. Kf5 b5
47. cxb5 Kd5 48. Nxe5 Kc5 49. Ke4 1-0

[Event "ChFraOpenD2011"]
[Site "Caen"]
[Date "2011.08.23"]
[Round "7.3"]
[White "Dupeux, Simeon"]
[Black "Roman, Sylvian"]
[Result "1-0"]
[WhiteElo "1493"]
[BlackElo "1406"]
[PlyCount "129"]

1. e4 e5 2. Nc3 Nf6 3. f4 d6 4. Nf3 Bg4 5. Bc4 Nc6 6. O-O Nd4 7. Be2 Nxe2+ 8.
Qxe2 exf4 9. d4 c6 10. Bxf4 Be7 11. e5 dxe5 12. Qxe5 O-O 13. Bg5 Bd6 14. Qe3
Re8 15. Qf2 h6 16. Bh4 Bh5 17. Rae1 Bf4 18. Ne5 g5 19. Bg3 Ng4 20. Nxg4 Bxg4
21. Bxf4 Rxe1 22. Rxe1 gxf4 23. Qxf4 Qg5 24. Qf2 Bf5 25. Re5 Qc1+ 26. Re1 Qg5
27. Re3 Kh7 28. Ne4 Qg6 29. Rg3 Qe6 30. Nc5 Qc8 31. Nxb7 Be6 32. Nd6 Qc7 33.
Qf4 f5 34. Rh3 Qg7 35. Nxf5 Bxf5 36. Qxf5+ Kh8 37. Qe5 Kh7 38. Qxg7+ Kxg7 39.
Rc3 Rd8 40. Rxc6 Rxd4 41. Rc7+ Kf6 42. Rxa7 Rd1+ 43. Kf2 Rd2+ 44. Kf3 Rxc2 45.
Ra6+ Kg5 46. Rb6 Rc4 47. Rb5+ Kg6 48. b4 Rc3+ 49. Ke4 Rc2 50. a4 Rxg2 51. Rb6+
Kf7 52. a5 Rd2 53. a6 Rd8 54. Rb7+ Ke6 55. a7 Ra8 56. Kd4 Kd6 57. b5 Ke6 58. b6
Kd6 59. Rb8 Kc6 60. Rxa8 Kxb6 61. Rc8 Kxa7 62. Rc6 Kb7 63. Kc5 Ka7 64. Rc7+ Kb8
65. Kb6 1-0

[Event "ChFraOpenD2011"]
[Site "Caen"]
[Date "2011.08.23"]
[Round "7.4"]
[White "Rivollier, Frederic"]
[Black "Caldarola, Stephane"]
[Result "0-1"]
[WhiteElo "1469"]
[BlackElo "1499"]
[PlyCount "70"]
[EventDate "2011.??.??"]

1. b3 e5 2. Bb2 Nc6 3. e3 d5 4. Bb5 Bd6 5. Ne2 Bd7 6. O-O f5 7. f4 Qf6 8. d3
Nge7 9. Nd2 a6 10. Bxc6 Nxc6 11. Nf3 O-O-O 12. Ng3 Qe7 13. fxe5 Nxe5 14. Bc1 h6
15. Rb1 g5 16. Nxe5 Qxe5 17. Kh1 Rhf8 18. Bd2 d4 19. Re1 Bc6 20. Qe2 dxe3 21.
Bxe3 f4 22. Nf1 fxe3 23. Qxe3 Qd5 24. Qe6+ Kb8 25. Qxd5 Bxd5 26. Ne3 Bc6 27. d4
Bb4 28. Red1 Be4 29. Rbc1 Bc3 30. d5 Rf2 31. Kg1 Rdf8 32. d6 Bd2 33. dxc7+ Kxc7
34. Ra1 Bxe3 35. Re1 Rf1# 0-1

[Event "ChFraOpenD2011"]
[Site "Caen"]
[Date "2011.08.23"]
[Round "7.5"]
[White "Imperor, Amelie"]
[Black "Ottl, Eric"]
[Result "0-1"]
[WhiteElo "1389"]
[BlackElo "1484"]
[PlyCount "126"]

1. e4 e5 2. f4 exf4 3. Nf3 Nf6 4. Nc3 d5 5. exd5 Nxd5 6. Nxd5 Qxd5 7. d4 Bd6 8.
c4 Bb4+ 9. Bd2 Qe4+ 10. Qe2 Bxd2+ 11. Nxd2 Qxe2+ 12. Bxe2 O-O 13. O-O Re8 14.
Rae1 g5 15. Bd3 Rd8 16. Rf2 Nc6 17. d5 Nd4 18. Re4 c5 19. Re5 f6 20. Re7 h6 21.
Bh7+ Kf8 22. Re1 Bd7 23. Bg6 Be8 24. Bh7 Rd7 25. Bd3 Re7 26. Rxe7 Kxe7 27. Nf3
Nxf3+ 28. Rxf3 Bd7 29. Bg6 Be8 30. Bf5 Kd6 31. Rf1 Bf7 32. a3 Re8 33. b4 b6 34.
Rb1 Re5 35. bxc5+ Kxc5 36. Bd3 Be8 37. Ra1 a6 38. Kf2 b5 39. Rc1 bxc4 40. Bxc4
Bb5 41. Bxb5+ Kxb5 42. Rc6 Rxd5 43. Rxf6 h5 44. a4+ Kxa4 45. Rxa6+ Kb4 46. Rc6
g4 47. Rc2 Rd4 48. h3 Kb3 49. Re2 Kc3 50. hxg4 hxg4 51. Re7 Rd2+ 52. Kf1 g3 53.
Re4 Rf2+ 54. Ke1 Kd3 55. Re8 Rxg2 56. Rd8+ Ke3 57. Re8+ Kf3 58. Kf1 Ra2 59. Re1
Rf2+ 60. Kg1 g2 61. Rd1 Rf1+ 62. Rxf1+ gxf1=Q+ 63. Kxf1 Ke3 0-1

[Event "ChFraOpenD2011"]
[Site "Caen"]
[Date "2011.08.23"]
[Round "7.6"]
[White "Compan, Bastien"]
[Black "Mills, Simon"]
[Result "1-0"]
[WhiteElo "1460"]
[BlackElo "1490"]
[PlyCount "35"]

1. b3 e5 2. Bb2 Nc6 3. e3 d5 4. Bb5 Bd6 5. f4 Qh4+ 6. g3 Qe7 7. Nf3 Bg4 8. h3
Bxf3 9. Qxf3 Nf6 10. d3 Kd7 11. O-O exf4 12. exf4 Bc5+ 13. Kg2 a6 14. Bxf6 Qxf6
15. Qxd5+ Bd6 16. Nd2 axb5 17. Ne4 Qe6 18. Nc5+ 1-0

[Event "ChFraOpenD2011"]
[Site "Caen"]
[Date "2011.08.23"]
[Round "7.7"]
[White "Buyukyalcin-Moussa, Elyes"]
[Black "Barde, Quentin"]
[Result "1/2-1/2"]
[WhiteElo "1370"]
[BlackElo "1500"]
[PlyCount "35"]
[EventDate "2011.??.??"]

1. e4 e6 2. d4 d5 3. e5 c5 4. c3 Qb6 5. Nf3 Nc6 6. Be2 cxd4 7. cxd4 Qa5+ 8. Nc3
Nge7 9. Bd3 Qb6 10. Bc2 Nb4 11. O-O Nec6 12. Ne2 Be7 13. a3 Qa6 14. Be3 Nxc2
15. Qxc2 Bd7 16. b4 Rc8 17. Qd2 b5 18. Qd3 1/2-1/2

[Event "ChFraOpenD2011"]
[Site "Caen"]
[Date "2011.08.23"]
[Round "7.8"]
[White "Apap, Titouan"]
[Black "Hazarabedian, Guy"]
[Result "1/2-1/2"]
[WhiteElo "1387"]
[BlackElo "1454"]
[PlyCount "113"]
[EventDate "2011.??.??"]

1. d4 c6 2. c4 e6 3. e4 d5 4. e5 Ne7 5. Nf3 dxc4 6. Bxc4 Nd5 7. O-O Be7 8. Be3
Nd7 9. a4 N7b6 10. Bxd5 Nxd5 11. Nc3 O-O 12. Bd2 a6 13. Qb3 Rb8 14. Nxd5 cxd5
15. Ne1 Bd7 16. Qg3 Re8 17. Nf3 Kh8 18. Ng5 Bxg5 19. Bxg5 Qb6 20. Qf4 Kg8 21.
Qd2 Rec8 22. a5 Qa7 23. Be7 Rc6 24. Bc5 Qa8 25. Qg5 Re8 26. Be7 Kh8 27. Bc5 Rg8
28. Rae1 Qd8 29. Qd2 Rc8 30. Re3 Be8 31. Rh3 f5 32. exf6 Qxf6 33. Qd3 Bg6 34.
Qb3 Rc7 35. Re1 Rf7 36. Rf3 Bf5 37. g4 Qg5 38. Kf1 Qxg4 39. Ree3 Qh5 40. Bd6
Qg6 41. Rg3 Qh5 42. h3 Rc8 43. Rc3 Rxc3 44. Rxc3 h6 45. Rg3 Qh4 46. Qf3 Qxd4
47. Qe2 Qe4 48. Qxe4 Bxe4 49. Rb3 Rd7 50. Be5 Kh7 51. h4 g6 52. Rc3 h5 53. Rc8
g5 54. Rh8+ Kg6 55. Rg8+ Kh7 56. Rh8+ Kg6 57. Rg8+ 1/2-1/2

[Event "ChFraOpenD2011"]
[Site "Caen"]
[Date "2011.08.23"]
[Round "7.9"]
[White "May, Ludivine"]
[Black "Raffaelli, Alain"]
[Result "1-0"]
[WhiteElo "1322"]
[BlackElo "1445"]
[PlyCount "73"]
[EventDate "2011.??.??"]

1. e4 e5 2. Nf3 Nc6 3. Bc4 h6 4. O-O d6 5. c3 Nf6 6. d3 Bd7 7. Nbd2 Na5 8. Bb3
Nxb3 9. Qxb3 Bc6 10. Re1 Be7 11. Nf1 d5 12. exd5 Bxd5 13. Qb5+ Bc6 14. Qxe5
Bxf3 15. gxf3 Kf8 16. Ng3 Bd6 17. Qe2 Bxg3 18. fxg3 Qd7 19. Qe3 Re8 20. Qc5+
Kg8 21. Rxe8+ Qxe8 22. Kf2 h5 23. Qxc7 h4 24. g4 Nd5 25. Qxb7 Qe5 26. Qc8+ Kh7
27. Qf5+ Qxf5 28. gxf5 Ne7 29. d4 Nxf5 30. d5 Rd8 31. c4 Kg6 32. Bf4 Nd4 33.
Rd1 Nc2 34. d6 Nb4 35. d7 Nc6 36. Bc7 Rh8 37. Rd6+ 1-0

[Event "ChFraOpenD2011"]
[Site "Caen"]
[Date "2011.08.23"]
[Round "7.10"]
[White "Roux, Jean-Marie"]
[Black "Lenen, Pierre"]
[Result "0-1"]
[WhiteElo "1440"]
[BlackElo "1391"]
[PlyCount "118"]
[EventDate "2011.??.??"]

1. e4 c6 2. d4 d5 3. exd5 cxd5 4. Nf3 Nf6 5. Nc3 a6 6. Bd3 Bg4 7. Bg5 Nbd7 8.
Qd2 e6 9. a3 Bxf3 10. gxf3 Qb6 11. O-O-O Qxd4 12. Rde1 Qb6 13. f4 O-O-O 14. f5
Re8 15. Bh4 Nc5 16. Bxf6 Nxd3+ 17. Qxd3 gxf6 18. Nxd5 Bh6+ 19. Ne3 Kb8 20. Kb1
Rhg8 21. Nc4 Qc7 22. fxe6 fxe6 23. Qb3 Rc8 24. Nb6 Rce8 25. Rxe6 Rxe6 26. Qxe6
Rd8 27. Qb3 Ka7 28. Nc4 Rd4 29. Ne3 Qd7 30. Nc4 Qc6 31. Re1 Qxc4 32. Qh3 Rd2
33. Qf5 Qd5 34. Qxh7 Rd1+ 35. Rxd1 Qxd1+ 36. Ka2 Qd5+ 37. Kb1 Qh1+ 38. Ka2 Qxh2
39. Qf5 Qe5 40. Qf3 f5 41. Qg2 Bg7 42. c3 f4 43. f3 Bf8 44. Qf1 Qe3 45. Qg2 Bc5
46. Qf1 Bb6 47. Qg2 Qf2 48. Qg4 Be3 49. Qh5 Bc1 50. Kb3 Qxb2+ 51. Kc4 b5+ 52.
Kd3 Qd2+ 53. Ke4 Qe3+ 54. Kd5 Qd3+ 55. Ke5 Qxc3+ 56. Ke6 Bxa3 57. Qf7+ Kb6 58.
Qxf4 Qc4+ 59. Kf5 Qxf4+ 0-1

[Event "ChFraOpenD2011"]
[Site "Caen"]
[Date "2011.08.24"]
[Round "8.1"]
[White "Kneib, Bernard"]
[Black "Ottl, Eric"]
[Result "1/2-1/2"]
[WhiteElo "1498"]
[BlackElo "1484"]
[PlyCount "91"]

1. e4 e5 2. Nf3 Nc6 3. d4 exd4 4. Nxd4 Bc5 5. Nb3 Bb6 6. a4 a6 7. Nc3 Qf6 8.
Qe2 Nge7 9. h4 h6 10. Be3 Nd4 11. Nxd4 Bxd4 12. Bxd4 Qxd4 13. Rd1 Qb4 14. Rb1
d6 15. Qd2 Be6 16. Bd3 Nc6 17. Nd5 Qxd2+ 18. Kxd2 O-O-O 19. c3 Rhe8 20. Kc2 Ne7
21. Ne3 d5 22. exd5 Nxd5 23. Nxd5 Bxd5 24. f3 Bc6 25. b3 Re3 26. Rbd1 Kb8 27.
Rd2 Re7 28. Rhd1 Red7 29. Bc4 Rxd2+ 30. Rxd2 Rxd2+ 31. Kxd2 f6 32. Be6 a5 33.
c4 b6 34. Ke3 Be8 35. Kf4 Bg6 36. Bf5 Bf7 37. g4 c5 38. h5 Kc7 39. Be4 Be6 40.
Bg6 Kd6 41. Bf5 Bg8 42. Ke4 Bf7 43. Kf4 Be8 44. Ke4 Bc6+ 45. Kf4 Ke7 46. Bd3
1/2-1/2

[Event "ChFraOpenD2011"]
[Site "Caen"]
[Date "2011.08.24"]
[Round "8.2"]
[White "Dupeux, Simeon"]
[Black "Pagandet, Eric"]
[Result "1-0"]
[WhiteElo "1493"]
[BlackElo "1499"]
[PlyCount "89"]

1. e4 e5 2. Nc3 Nf6 3. f4 d5 4. fxe5 Nxe4 5. Nf3 Bc5 6. d4 Bb4 7. Qd3 Nc6 8. a3
Bxc3+ 9. bxc3 Bf5 10. Ng5 Nxg5 11. Qxf5 Ne4 12. Qg4 Qe7 13. Bd3 Qe6 14. Qxg7
O-O-O 15. Bxe4 dxe4 16. O-O Rdf8 17. Qf6 Qg4 18. Qf5+ Qxf5 19. Rxf5 Ne7 20. Rf2
h5 21. Bg5 Nd5 22. c4 Nb6 23. c5 Nc4 24. Be7 Rfg8 25. Rxf7 Rg4 26. e6 e3 27.
Raf1 Rgg8 28. Bf6 e2 29. Re1 Rh6 30. Rxe2 Rhg6 31. e7 Re8 32. Rf8 Rg8 33. Rxg8
Rxg8 34. e8=Q+ Rxe8 35. Rxe8+ Kd7 36. Re7+ Kc6 37. a4 a5 38. Be5 Nxe5 39. Rxe5
b5 40. axb5+ Kxb5 41. Rxh5 a4 42. Rh7 a3 43. Rxc7 Ka6 44. Re7 a2 45. Re1 1-0

[Event "ChFraOpenD2011"]
[Site "Caen"]
[Date "2011.08.24"]
[Round "8.3"]
[White "Caldarola, Stephane"]
[Black "Buyukyalcin-Moussa, Kadir"]
[Result "1-0"]
[WhiteElo "1499"]
[BlackElo "1490"]
[PlyCount "65"]

1. d4 Nf6 2. Nf3 d5 3. c4 e6 4. Bg5 c5 5. Qa4+ Bd7 6. Qb3 Bc6 7. e3 cxd4 8.
exd4 Be7 9. Bd3 dxc4 10. Bxc4 Bxf3 11. Qxf3 Nc6 12. Bb5 Rc8 13. O-O Qxd4 14.
Nc3 O-O 15. a3 Qb6 16. Be3 Bc5 17. Bxc6 Rxc6 18. Na4 Qc7 19. Nxc5 Nd5 20. Ne4
Qe5 21. Rab1 Rfc8 22. Rfd1 Nxe3 23. Qxe3 Qh5 24. Qd3 h6 25. Nc3 Rc5 26. h3 Rg5
27. Ne4 Rd5 28. Qb3 Re5 29. Qxb7 Rc2 30. Rd7 Kh7 31. Rxf7 Kh8 32. Qb8+ Kh7 33.
Nf6+ 1-0

[Event "ChFraOpenD2011"]
[Site "Caen"]
[Date "2011.08.24"]
[Round "8.4"]
[White "Lenen, Pierre"]
[Black "Compan, Bastien"]
[Result "1-0"]
[WhiteElo "1391"]
[BlackElo "1460"]
[PlyCount "33"]

1. e4 b6 2. Bc4 Bb7 3. d3 e6 4. Nf3 Nf6 5. c3 d5 6. exd5 Nxd5 7. a4 Nd7 8. Bg5
N7f6 9. Nbd2 h6 10. Bh4 g5 11. Bg3 c5 12. Bb5+ Nd7 13. Ne5 Bc8 14. Qh5 Rh7 15.
Ne4 N5f6 16. Qf3 g4 17. Qxf6 1-0

[Event "ChFraOpenD2011"]
[Site "Caen"]
[Date "2011.08.24"]
[Round "8.5"]
[White "Bougard, Olivier"]
[Black "May, Ludivine"]
[Result "0-1"]
[WhiteElo "1450"]
[BlackElo "1322"]
[PlyCount "54"]

1. e4 c5 2. Nf3 Nc6 3. d4 cxd4 4. Nxd4 g6 5. Be3 Bg7 6. Qd2 Nf6 7. Nc3 Ng4 8.
Nxc6 bxc6 9. Bg5 h6 10. Bh4 Rb8 11. Bc4 Qa5 12. O-O Rxb2 13. Qf4 Nf6 14. Bxf6
Bxf6 15. Qf3 Qxc3 16. Bd3 c5 17. Qe2 Bg5 18. Rab1 Rxb1 19. Rxb1 Qd2 20. Qf1 O-O
21. Rd1 Qa5 22. f4 Bf6 23. e5 Bg7 24. Bc4 d6 25. g4 Bxg4 26. Rd3 dxe5 27. Qg2
Qe1+ 0-1

[Event "ChFraOpenD2011"]
[Site "Caen"]
[Date "2011.08.24"]
[Round "8.6"]
[White "Grothe, Alice"]
[Black "Maietti, Tom"]
[Result "1-0"]
[WhiteElo "1300"]
[BlackElo "1410"]
[PlyCount "111"]

1. d4 Nf6 2. e3 g6 3. Nf3 Bg7 4. Be2 O-O 5. O-O d6 6. c4 Nbd7 7. b3 e5 8. Nc3
exd4 9. exd4 b6 10. Bb2 Bb7 11. Re1 Re8 12. Qd2 Qe7 13. d5 a5 14. Bd3 Qf8 15.
Re2 c6 16. Be4 Nxe4 17. Rxe4 Rxe4 18. Nxe4 Bxb2 19. Qxb2 cxd5 20. cxd5 Bxd5 21.
Re1 Re8 22. Qd4 Bxe4 23. Rxe4 Rxe4 24. Qxe4 Nc5 25. Qc6 Qg7 26. h3 Qa1+ 27. Kh2
Qxa2 28. Qxd6 Ne6 29. Qxb6 Qa3 30. Qb8+ Nf8 31. Ne5 Qb2 32. Nd7 Qg7 33. Nxf8
Qxf8 34. Qb5 Qd6+ 35. g3 Qb4 36. Qxb4 axb4 37. Kg2 Kf8 38. Kf3 Ke7 39. Ke4 Kd6
40. Kd4 f5 41. Kc4 Ke5 42. Kxb4 f4 43. Ka5 f3 44. b4 Kd4 45. b5 Kd3 46. b6 Ke2
47. b7 Kxf2 48. b8=Q Kg2 49. Qb2+ f2 50. Qb7+ Kh2 51. Qf3 Kg1 52. Qe3 Kg2 53.
Qe2 Kg1 54. Qe3 Kg2 55. Qe4+ Kxh3 56. Qf3 1-0

[Event "ChFraOpenD2011"]
[Site "Caen"]
[Date "2011.08.24"]
[Round "8.7"]
[White "Roman, Sylvian"]
[Black "Chaignet, Lucas"]
[Result "1-0"]
[WhiteElo "1406"]
[BlackElo "1319"]
[PlyCount "61"]

1. e4 e5 2. Nf3 Nc6 3. Bb5 Bc5 4. c3 Qf6 5. d3 Nge7 6. O-O O-O 7. Re1 d6 8. Bg5
Qg6 9. Qd2 h6 10. Bxe7 Nxe7 11. d4 exd4 12. cxd4 Bb6 13. Nc3 c6 14. Bd3 Bg4 15.
e5 Qe6 16. exd6 Qxd6 17. Ne5 Be6 18. Nf3 Rad8 19. Rad1 Bg4 20. Ne4 Qc7 21. Nf6+
Kh8 22. Nxg4 Nd5 23. a3 c5 24. Rc1 Qf4 25. Qxf4 Nxf4 26. Bf1 cxd4 27. Nge5 Rfe8
28. Nxf7+ Kh7 29. Nxd8 Rxd8 30. g3 d3 31. Nd2 1-0

[Event "ChFraOpenD2011"]
[Site "Caen"]
[Date "2011.08.24"]
[Round "8.8"]
[White "Barde, Quentin"]
[Black "Parfait, Emmanuel"]
[Result "1-0"]
[WhiteElo "1500"]
[BlackElo "1290"]
[PlyCount "51"]

1. d4 Nf6 2. c4 e6 3. Nc3 d5 4. Nf3 Bb4 5. Qb3 Nc6 6. Ne5 Nxd4 7. Qa4+ Nd7 8.
e3 b5 9. cxb5 Nxe5 10. exd4 Bxc3+ 11. bxc3 Ng6 12. Qc2 O-O 13. Be2 Qf6 14. O-O
e5 15. Be3 Nf4 16. Bf3 Qg5 17. g3 Bf5 18. Bxf4 exf4 19. Qd2 Qh6 20. Bxd5 Rad8
21. Bf3 Rfe8 22. Rfe1 Bh3 23. Qxf4 g5 24. Qxc7 Qf6 25. Qc6 Bd7 26. Qxf6 1-0

[Event "ChFraOpenD2011"]
[Site "Caen"]
[Date "2011.08.24"]
[Round "8.9"]
[White "Mills, Simon"]
[Black "Imperor, Amelie"]
[Result "1/2-1/2"]
[WhiteElo "1490"]
[BlackElo "1389"]
[PlyCount "89"]
[EventDate "2011.??.??"]

1. f3 e5 2. Kf2 Bc5+ 3. e3 d5 4. c3 d4 5. d3 Be6 6. e4 dxc3+ 7. Ke1 Qd4 8. Qc2
cxb2 9. Qxb2 Qxb2 10. Bxb2 Nd7 11. Ne2 O-O-O 12. Ba3 Bxa3 13. Nxa3 Nc5 14. Nc1
Nf6 15. Kd2 Rd6 16. Be2 Rhd8 17. Ke3 Nh5 18. g3 g6 19. Nb5 Rb6 20. d4 exd4+ 21.
Nxd4 Re8 22. Nd3 Na4 23. f4 Bd5 24. Bf3 f6 25. Rhe1 f5 26. e5 Nc3 27. Bxh5 gxh5
28. Nxf5 Bxa2 29. Rec1 Nd5+ 30. Kf2 Ra6 31. Nd4 Re7 32. Nc2 Bc4 33. Rxa6 Bxa6
34. Ndb4 Nxb4 35. Nxb4 Bb5 36. Ke3 Rd7 37. e6 Rd6 38. f5 Kd8 39. Rc2 a5 40. Na2
Bf1 41. Kf4 Bh3 42. Ke5 Rd1 43. Rf2 Re1+ 44. Kf6 Ke8 45. Nc3 1/2-1/2

[Date "2011.08.24"]
[Round "8.10"]
[White "Buyukyalcin-Moussa, Elyes"]
[Black "Rivollier, Frederic"]
[Result "0-1"]
[WhiteElo "1370"]
[BlackElo "1469"]
[PlyCount "96"]
[EventDate "2011.??.??"]

1. e4 e5 2. Nf3 Nc6 3. Bc4 Bc5 4. O-O Nf6 5. d4 Bxd4 6. Nxd4 Nxd4 7. c3 Nc6 8.
Qc2 O-O 9. Bg5 h6 10. Be3 d6 11. Nd2 Ng4 12. Nf3 Nf6 13. Rad1 Bg4 14. Qe2 Nxe4
15. Bxh6 gxh6 16. Qxe4 Bxf3 17. Qxf3 Qg5 18. Qg3 Kg7 19. Qxg5+ hxg5 20. Rd3 f5
21. Bd5 Rab8 22. f3 Ne7 23. Bc4 f4 24. b4 a6 25. Bb3 Nf5 26. Re1 b5 27. Be6 Ne3
28. Bb3 Rh8 29. h3 Rhd8 30. Kf2 c5 31. bxc5 dxc5 32. Rxd8 Rxd8 33. g4 c4 34.
Bc2 Rd2+ 35. Kg1 Rxc2 36. Ra1 Rxc3 37. a4 b4 38. a5 Rd3 39. Rb1 Rd1+ 40. Rxd1
Nxd1 41. Kf1 b3 42. Ke2 b2 43. Kd2 b1=Q 44. Ke2 Qd3+ 45. Ke1 Qxf3 46. Kd2 c3+
47. Ke1 Qf2+ 48. Kxd1 Qd2# 0-1

[Event "OpenD"]
[Site "Caen"]
[Date "2011.08.25"]
[Round "9.1"]
[White "Caldarola, Stephane"]
[Black "Kneib, Bernard"]
[Result "1/2-1/2"]
[WhiteElo "1499"]
[BlackElo "1498"]
[PlyCount "99"]
[EventDate "2011.??.??"]

1. d4 f5 2. g3 e6 3. Bg2 Nf6 4. c4 Be7 5. Nf3 O-O 6. O-O d6 7. b3 Nbd7 8. Bb2
Qe8 9. Ng5 Bd8 10. Nd2 h6 11. Nh3 e5 12. dxe5 dxe5 13. Qc2 e4 14. c5 Ne5 15.
Qc3 Ng6 16. Nc4 Be6 17. f3 Nh5 18. Rac1 Bf6 19. Qc2 Bxb2 20. Qxb2 Qe7 21. Ne5
Qf6 22. f4 Nxe5 23. fxe5 Qg6 24. e3 Bd5 25. Qe2 Qe8 26. Rf2 g6 27. Nf4 Nxf4 28.
exf4 c6 29. Qe3 Kg7 30. Bf1 Rd8 31. Rd2 Qe6 32. Rcd1 Rd7 33. Bc4 Rfd8 34. Qc3
a6 35. a4 Kf7 36. Rd4 Ke7 37. Kf2 Kf7 38. Bxd5 cxd5 39. a5 Ke7 40. Ke3 Qc6 41.
Qb4 Rc8 42. Rc1 Rdc7 43. Qd2 Rd8 44. b4 Rcd7 45. Qa2 Qb5 46. Rcd1 Ke6 47. Qb3
Qc6 48. Qa2 Qb5 49. Qb3 Qc6 50. Qa2 1/2-1/2

[Event "OpenD"]
[Site "Caen"]
[Date "2011.08.25"]
[Round "9.2"]
[White "May, Ludivine"]
[Black "Dupeux, Simeon"]
[Result "0-1"]
[WhiteElo "1322"]
[BlackElo "1493"]
[PlyCount "66"]
[EventDate "2011.??.??"]

1. e4 c5 2. c3 d5 3. exd5 Qxd5 4. d4 e6 5. Nf3 Nf6 6. Be2 Be7 7. O-O O-O 8. h3
Nc6 9. Be3 Rd8 10. dxc5 Qf5 11. Nd4 Nxd4 12. cxd4 Bxc5 13. Nc3 e5 14. d5 Bxe3
15. fxe3 Qg5 16. e4 Qe3+ 17. Rf2 Nxe4 18. Nxe4 Qxe4 19. Bf3 Qg6 20. Bh5 Qb6 21.
Bxf7+ Kh8 22. Qh5 Rf8 23. Raf1 Bd7 24. Bg6 h6 25. g4 Rxf2 26. Rxf2 Rf8 27. Qh4
Rxf2 28. Qxf2 Qxg6 29. Qxa7 Qb1+ 30. Kg2 Qxb2+ 31. Kg3 Qc3+ 32. Kh4 Qe1+ 33.
Kh5 Be8# 0-1

[Event "OpenD"]
[Site "Caen"]
[Date "2011.08.25"]
[Round "9.3"]
[White "Pagandet, Eric"]
[Black "Roman, Sylvian"]
[Result "1-0"]
[WhiteElo "1499"]
[BlackElo "1406"]
[PlyCount "123"]
[EventDate "2011.??.??"]

1. e4 e5 2. Nf3 Nc6 3. d4 exd4 4. Nxd4 Bc5 5. Be3 Qf6 6. c3 Nge7 7. Nc2 Bxe3 8.
Nxe3 Ne5 9. Nd2 O-O 10. Be2 d6 11. O-O N7g6 12. Nd5 Qd8 13. f4 Nc6 14. f5 Nge5
15. f6 g6 16. Qe1 Be6 17. Qh4 Kh8 18. Qh6 Rg8 19. Rf4 g5 20. Rff1 Rg6 21. Qh5
Bxd5 22. exd5 Nb8 23. Ne4 Nbd7 24. Rf5 Nxf6 25. Nxf6 Rxf6 26. Qxg5 Rxf5 27.
Qxf5 Qg8 28. Qf6+ Qg7 29. Qxg7+ Kxg7 30. Re1 Rf8 31. h3 f5 32. Rf1 f4 33. Rf2
h6 34. Kf1 Rf6 35. Ke1 Kg6 36. Rf1 Kg5 37. Kf2 Kh4 38. Rd1 Kg5 39. Rd4 h5 40.
Ra4 a6 41. Rb4 b5 42. a4 c5 43. dxc6 Nxc6 44. Re4 Ne5 45. axb5 axb5 46. Bxb5
Kf5 47. Re1 h4 48. Be2 Ke4 49. Bb5+ Kf5 50. b4 Rf8 51. Be2 Ke6 52. b5 d5 53.
Rd1 Kf6 54. b6 Rb8 55. Rb1 Ke6 56. b7 Kd6 57. Ba6 Nd3+ 58. Bxd3 Ke5 59. Kf3 d4
60. cxd4+ Kxd4 61. Ba6 Ke5 62. Rc1 1-0

[Event "OpenD"]
[Site "Caen"]
[Date "2011.08.25"]
[Round "9.4"]
[White "Ottl, Eric"]
[Black "Lenen, Pierre"]
[Result "0-1"]
[WhiteElo "1484"]
[BlackElo "1391"]
[PlyCount "180"]
[EventDate "2011.??.??"]

1. e4 c6 2. d4 d5 3. Nc3 dxe4 4. Nxe4 Bf5 5. Ng3 Bg6 6. Nf3 Nf6 7. Be2 e6 8.
O-O Bd6 9. Re1 Nbd7 10. c4 Qc7 11. Nh4 Bf4 12. Nxg6 hxg6 13. Bf3 O-O-O 14. Bxf4
Qxf4 15. Qd3 Kb8 16. Qe3 Qxe3 17. fxe3 Nb6 18. b3 Rd7 19. Rad1 Rh4 20. Re2 e5
21. Red2 e4 22. Be2 Ng4 23. Bxg4 Rxg4 24. Rf2 Kc7 25. Rdf1 f5 26. Rf4 Rxf4 27.
Rxf4 Rf7 28. Nxe4 Re7 29. Ng5 Rxe3 30. Rf3 Re7 31. Kf2 Nd7 32. Re3 Rxe3 33.
Kxe3 Kd6 34. Kf4 Nf8 35. h3 a5 36. a4 b6 37. Nf7+ Ke6 38. Ne5 Kd6 39. Nf7+ Ke6
40. Nd8+ Kd7 41. Nf7 Ke6 42. Nh8 Kd6 43. Kg5 Ne6+ 44. Kxg6 Nxd4 45. Nf7+ Ke7
46. Kxg7 f4 47. Ne5 Nf5+ 48. Kh7 Kd6 49. Nf3 Kc5 50. h4 Kb4 51. Kg6 Nxh4+ 52.
Nxh4 Kxb3 53. Nf3 Kxc4 54. Ne5+ Kd5 55. Kf5 b5 56. Nd3 bxa4 57. Nxf4+ Kc4 58.
Ne2 Kd3 59. Nc1+ Kc2 60. Na2 Kb2 61. g4 a3 62. g5 Kxa2 63. g6 Kb1 64. g7 a2 65.
g8=Q a1=Q 66. Qg1+ Ka2 67. Qg8+ Ka3 68. Qg3+ Kb4 69. Qb8+ Kc4 70. Qg8+ Kd3 71.
Qg3+ Kc2 72. Qg2+ Kb3 73. Qg8+ Kb4 74. Qb8+ Ka4 75. Qf4+ Ka3 76. Qd6+ Ka2 77.
Qd2+ Qb2 78. Qxa5+ Qa3 79. Qd2+ Kb1 80. Qd1+ Qc1 81. Qb3+ Ka1 82. Qa4+ Kb2 83.
Qb4+ Kc2 84. Qc4+ Kd2 85. Qd4+ Ke2 86. Kg4 c5 87. Qe5+ Qe3 88. Qb2+ Kf1 89.
Qb1+ Qe1 90. Qb5+ Qe2+ 0-1